Rice vinegar : An Oriental home remedy
Guardado en:
| Autor principal: | |
|---|---|
| Formato: | Libro |
| Lenguaje: | Undetermined |
| Publicado: |
Tokkyo
Kenko Igakusha
1977
|
| Materias: | |
| Etiquetas: |
Agregar Etiqueta
Sin Etiquetas, Sea el primero en etiquetar este registro!
|
| Thư viện lưu trữ: | Trung tâm Học liệu Trường Đại học Cần Thơ |
|---|
| LEADER | 00489nam a2200193Ia 4500 | ||
|---|---|---|---|
| 001 | CTU_11627 | ||
| 008 | 210402s9999 xx 000 0 und d | ||
| 082 | |a 664.55 | ||
| 082 | |b K96 | ||
| 100 | |a Kuroiwa Togo | ||
| 245 | 0 | |a Rice vinegar : | |
| 245 | 3 | |b An Oriental home remedy | |
| 245 | 0 | |c Kuroiwa Togo | |
| 260 | |a Tokkyo | ||
| 260 | |b Kenko Igakusha | ||
| 260 | |c 1977 | ||
| 650 | |a rice vinegar | ||
| 904 | |i Minh, 961030 | ||
| 980 | |a Trung tâm Học liệu Trường Đại học Cần Thơ | ||